| 000 | 01036nam a2200241Ia 4500 | ||
|---|---|---|---|
| 003 | GCL | ||
| 008 | 140319s9999 xx 000 0 ara d | ||
| 020 | _a7465514977 | ||
| 040 |
_aGCL / _cGCL |
||
| 082 | 0 | 4 |
_aق _b962.06 _bط م |
| 100 | 1 | _aطارق حبيب | |
| 245 | 1 | 0 |
_aملفات ثورة يوليو : _bشهادات 122 من صناعها ومعاصريها / _cطارق حبيب |
| 250 | _aالاولى | ||
| 260 |
_aالقاهرة : _bمركز الاهرام للترجمة والنشر ، _c1997 |
||
| 300 |
_a503 ص ؛ _c24 سم |
||
| 650 | 0 | 4 | _aحرب الاستنزاف |
| 650 | 0 | 4 | _aمصر - تاريخ - العصر الحديث - جمال عبدالناصر ( 1954-1970 ) |
| 650 | 0 | 4 | _aمصر - الاحوال السياسية |
| 650 | 0 | 4 | _aمصر - تاريخ - العصر الحديث (1805 - 1956 ) |
| 650 | 0 | 4 | _aمصر - تاريخ - العصر الحديث - انور السادات (1971 - 1981) |
| 650 | 0 | 4 | _aمصر - تاريخ - العصر الحديث - ثورة 23 يوليو 1952 |
| 942 |
_2ddc _cBK |
||
| 999 |
_c51902 _d51902 |
||